Корейские народные пословицы, поговорки и выражения

Dettagli Bibliografici
Altri autori: Толстиков В. (переводчик), Ким Кю Чер
Lingua:russo
Pubblicazione: Москва, Изд-во иностранной литературы, 1958
Soggetti:
Natura: Libro
KOHA link:https://koha.lib.tpu.ru/cgi-bin/koha/opac-detail.pl?biblionumber=133642

MARC

LEADER 00000nam0a2200000 4500
001 133642
005 20231101220437.0
035 |a (RuTPU)RU\TPU\book\144854 
090 |a 133642 
100 |a 20080319d1958 m y0rusy50 ca 
101 1 |a rus  |c kor 
102 |a RU 
105 |a a z 000ay 
200 1 |a Корейские народные пословицы, поговорки и выражения  |f пер. с кор. В. Толстиков ; Ким Кю Чер 
210 |a Москва  |c Изд-во иностранной литературы  |d 1958 
215 |a 71 с.  |c ил. 
606 1 |a Корейская литература  |2 stltpush  |3 (RuTPU)RU\TPU\subj\15696  |9 41914 
610 1 |a художественная литература 
610 1 |a пословицы 
610 1 |a поговорки 
675 |a 895.7  |v 3 
702 1 |a Толстиков  |b В.  |4 730 
702 0 |a Ким Кю Чер  |4 730 
801 1 |a RU  |b 63413507  |c 20080319  |g PSBO 
801 2 |a RU  |b 63413507  |c 20220404  |g RCR 
942 |c BK